| 000 | 00598nam a22001697a 4500 | ||
|---|---|---|---|
| 005 | 20230529023324.0 | ||
| 008 | 221210b |||||||| |||| 00| 0 eng d | ||
| 020 | _a971-150-079-5 | ||
| 082 | _aFil. 512 B216 1990 | ||
| 100 |
_aBancoro, Evelyn B. _eauthor |
||
| 245 |
_aCollege algebra / _cBancoro, Evelyn B., Socorro Q. Hipolito |
||
| 260 |
_aQuezon City: _bKatha Publishing, _cc1990. |
||
| 300 | _av, 221p. | ||
| 541 | _e2378 c.1, 2379 c.2, 2380 c.3, 2381 c.4, 2382 c.5, 2383 c.6, 2384 c.7 2385 c.8, 2386 c.9, 2387 c.10, 2388 c.11 | ||
| 650 | _aAlgebra | ||
| 700 |
_aHipolito, Socorro Q. _eauthor |
||
| 999 |
_c344 _d344 |
||